| 000 | 01622cam a2200313 4500 | ||
|---|---|---|---|
| 001 | ABS63682 | ||
| 008 | 000000n2001 000 0 eng u | ||
| 035 | _a(Sirsi) u111632 | ||
| 100 | _aSalmon, K. | ||
| 245 | 4 | _aThe enforcement of adjudicators' awards under the Housing Grants, Construction and Regeneration Act, 1996: part 3 | |
| 260 | _c2001 | ||
| 490 |
_aArbitration _v67(1) February 2001, 118-125(8) |
||
| 520 | _aReviews recent court decisions on the enforcement of an adjudicator's decision under the Housing, Grants, Construction and Regeneration Act, 1996. (for part 1 see: February 2000, p46-48; for part 2 see: ABS62730). | ||
| 590 | _aABS | ||
| 650 | _aMANAGEMENT-DISPUTE AVOIDANCE, MANAGEMENT AND RESOLUTION-DISPUTE MANAGEMENT AND RESOLUTION-ALTERNATIVE DISPUTE RESOLUTION-ADJUDICATION | ||
| 650 | _aMANAGEMENT-DISPUTE AVOIDANCE, MANAGEMENT AND RESOLUTION-DISPUTE MANAGEMENT AND RESOLUTION-ALTERNATIVE DISPUTE RESOLUTION-ADJUDICATION-ADJUDICATION AWARDS | ||
| 650 | _aHOUSING GRANTS CONSTRUCTION AND REGENERATION ACT 1996 | ||
| 650 | _aHUMAN RIGHTS ACT 1998 | ||
| 650 | _aBOUYGUES UK LTD V DAHL-JENSEN UK LTD | ||
| 650 | _aFASTRACK CONTRACTORS V MORRISON CONSTRUCTION | ||
| 650 | _aVHE CONSTRUCTION PLC V RBSTB TRUST CO LTD | ||
| 650 | _aWORKPLACE TECHNOLOGIES PLC V E SQUARED LIMITED | ||
| 650 | _aHERSCHEL ENGINEERING LTD V BREEN PROPERTY LTD | ||
| 650 | _aBLOOR CONSTRUCTION V BOWMER AND KIRKLAND | ||
| 650 | _aTIM BUTLERS CONTRACTORS V MEREWOOD HOMES LTD | ||
| 650 | _aSTRATHMORE BUILDING SERVICES LTD V COLIN SCOTT GREIG | ||
| 690 |
_aDispute resolution _96236 |
||
| 942 | _n0 | ||
| 999 |
_c66518 _d66518 |
||